000 01068nam a2200253 a 4500
003 AM-YEHGA
001 1415470
005 20250617163643.0
008 181019s1961 tk a||||r|||||000|1|rus||
040 _aAM-YeHGA
041 1 _arus
_hhun
100 1 _aЙокаи, Мор
245 1 0 _aСыновья человека с каменным сердцем :
_bРоман /
_cМор Йокаи ; Пер. с венг. А. Гершковича и др ; [Вступ. статья Й. Липпаи].
260 _aАшхабад :
_bТуркменгосиздат,
_c1961.
300 _a622 с. :
_bил. ;
_c21 см.
650 1 4 _aВенгерская литература
_xПроза
653 0 _aРеволюция 1848-1849 гг. в Австрии (х. л.)
653 0 _aРеволюция 1848-1849 гг. в Венгрии (х. л.)
653 0 _aДворянство в Венгрии (х. л.)
700 1 _aГершкович, А.
_eпер.
_4trl
700 1 _aЛиппаи, Й.
_eавт. предисл.
_4aui
942 _2udc
_cBK
090 _c513843
999 _c510377
_d510377